Designing Social Inquiry: scientific inference in qualitative research /
Los autores discuten sobre las ciencias sociales y su "cientificidad", posteriormente entran al tema de la investigación social especialmente la investigación cualitativa. Para ello plantean el uso de inferencias descriptivas y casuales como metodología posible para "medir", así...
Αποθηκεύτηκε σε:
| Κύριος συγγραφέας: | |
|---|---|
| Άλλοι συγγραφείς: | , |
| Μορφή: | Κείμενο |
| Έκδοση: |
New Jersey:
Princeton University Press
|
| Θέματα: | |
| Ετικέτες: |
Προσθήκη ετικέτας
Δεν υπάρχουν, Καταχωρήστε ετικέτα πρώτοι!
|
MARC
| LEADER | 00000 a a2200000 04500 | ||
|---|---|---|---|
| 001 | 35451 | ||
| 003 | |||
| 040 | |||
| 020 | |a 0-691-03471-0 | ||
| 022 | |a 0-691-03471-0 | ||
| 090 | |a 1001 K521d | ||
| 100 | |a King, Gary | ||
| 245 | |a Designing Social Inquiry: scientific inference in qualitative research / |c Gary King | ||
| 260 | |a New Jersey: |b Princeton University Press | ||
| 300 | |a 247 p. | ||
| 500 | |a En el CIDCACS versión en Español | ||
| 520 | |a Los autores discuten sobre las ciencias sociales y su "cientificidad", posteriormente entran al tema de la investigación social especialmente la investigación cualitativa. Para ello plantean el uso de inferencias descriptivas y casuales como metodología posible para "medir", así como la incorporación del análisis estadístico | ||
| 650 | |a INVESTIGACION SOCIAL | ||
| 650 | |a METODOLOGIA | ||
| 700 | |a Keohane, Robert O. | ||
| 700 | |a Verba, Sidney | ||
| 999 | |c 8119 |d 8119 | ||



